Ordenanzas y compilación de leyes
Na minha lista:
| Autor principal: | |
|---|---|
| Formato: | Livro |
| Idioma: | espanhol |
| Publicado em: |
Madrid
Cultura Hispánica
1945
|
| Colecção: | Incunables Americanos Siglo XVI, 5
|
| Assuntos: | |
| Tags: |
Adicionar Tag
Sem tags, seja o primeiro a adicionar uma tag!
|
MARC
| LEADER | 00000nam a2200000 a 4500 | ||
|---|---|---|---|
| 001 | UCR4300 | ||
| 003 | CL-VaPUC | ||
| 008 | 980307e19450000SP |||||||||||||||||spa|d | ||
| 082 | 0 | 4 | |a 349.46 |b MEN |2 21 |
| 100 | |a Mendoza, Antonio de |e autor |9 404174 | ||
| 245 | 1 | 0 | |a Ordenanzas y compilación de leyes |
| 300 | |a 95 p | ||
| 942 | |c BK | ||
| 945 | |d 19980307 00:00:00 |a crobeson | ||
| 260 | |a Madrid |b Cultura Hispánica |c 1945 | ||
| 650 | 7 | |a LEGISLACION |2 CL-VaPUC |9 404175 | |
| 650 | 0 | |a Leyes |9 256670 | |
| 650 | 7 | |a DOCUMENTOS PRIMARIOS |2 CL-VaPUC |9 350391 | |
| 650 | 7 | |a LEGISLACION ESPAÑOLA |2 CL-VaPUC |9 400154 | |
| 651 | 0 | |a España |9 254926 | |
| 583 | |a last modification |c 19980307 00:00:00 |k Rodrigo Vera | ||
| 490 | 0 | |a Incunables Americanos Siglo XVI, 5 | |
| 999 | |c 267246 |d 267244 | ||
| 952 | |0 0 |1 0 |4 0 |6 349_460000000000000_MEN_1945 |7 0 |8 DER_HDC |9 299492 |a BIBDER |b BIBDER |d 2019-11-20 |i 1949217 |o 349.46 MEN 1945 |p 1949217 |r 2023-01-25 |w 2019-11-20 |x Ubicación 4to Piso |y BK |z Estos recursos deben solicitarse con anticipación |k DER | ||
| 952 | |0 0 |1 0 |4 0 |6 349_460000000000000_MEN_1945 |7 0 |8 X |9 299493 |a BIBHIS |b BIBHIS |d 2019-11-20 |i 2818817 |o 349.46 MEN 1945 |p 2818817 |r 2024-01-30 |w 2019-11-20 |y BK_X |k HIS | ||
| 952 | |0 0 |1 0 |4 0 |6 349_460000000000000_MEN_1945 |7 0 |8 X |9 299494 |a FDOBUD |b FDOBUD |d 2019-11-20 |i 4547527 |o 349.46 MEN 1945 |p 4547527 |r 2019-11-20 |w 2019-11-20 |y BK_X |k BUD | ||